000
00325nam a22001337a 4500
008
180227b xxu||||| |||| 00| 0 eng d
020
_a
0804204233
041
_a
eng
080
_a
572
100
_a
24
101
_a
ANT
245
_a
The new testament world insights from cultural anthropoloy
_c
Malina,B.J
942
_2
udc
_c
BK
999
_c
43600
_d
43600